Disertaciones acerca del sionismo (Registro nro. 16319)

Detalles MARC
000 -ENCABEZADO
Número de control [NR] 00831nam a2200217Ia 4500
008 - DE LONGITUD FIJA DE DATOS DE ELEMENTOS - INFORMACIÓN GENERAL
Elementos de longitud fija [NR] 130821s1959 ck gr spa
040 ## - FUENTE DE CATALOGACION [NR]
Agencia de catalogación original [NR] Co-BoUCM
Idioma de catalogación [NR] spa
041 ## - CODIGO DE IDIOMA [R]
Código de idioma para texto/pista de sonido o título separado [R] Español
100 ## - ASIENTO PRINCIPAL--NOMBRE PERSONAL [NR]
Nombre personal [NR] Benchetrit, A.
ID Autoridad 111956
245 ## - MENCION DE TITULO [NR]
Título [NR] Disertaciones acerca del sionismo
Mención de responsabilidad, etc. [NR] A. Benchetrit
260 ## - PUBLICACION, DISTRIBUCION, ETC. (PIE DE IMPRENTA) [R]
Lugar de publicación, distribución, etc. [R] Bogotá (Colombia)
Nombre del editor, distribuidor, etc. [R] Minerva
Fecha de publicación, distribución, etc. [R] 1959
300 ## - DESCRIPCION FISICA [R]
Extensión [R] [1 volumen]
505 ## - NOTA DE CONTENIDO CON FORMATO PREESTABLECIDO [R]
Nota de contenido con formato preestablecido [NR] Contenido
-- v. 2
-- Opiniones. Temas judíos. Refugio infantil Rambam. Cruz Roja Nacional. Alianza Israelita Universal. Necrologías. Sefardismo. Otros
650 04 - ASIENTO SECUNDARIO DE MATERIA - TERMINO TEMATICO [R]
Término temático o nombre geográfico como elemento de entrada [NR] Condiciones políticas y sociales
9 (RLIN) 11497
650 04 - ASIENTO SECUNDARIO DE MATERIA - TERMINO TEMATICO [R]
Término temático o nombre geográfico como elemento de entrada [NR] Judíos
9 (RLIN) 18096
650 04 - ASIENTO SECUNDARIO DE MATERIA - TERMINO TEMATICO [R]
Término temático o nombre geográfico como elemento de entrada [NR] Judíos
Subdivisión general [R] Condiciones políticas y sociales
9 (RLIN) 53529
650 04 - ASIENTO SECUNDARIO DE MATERIA - TERMINO TEMATICO [R]
Término temático o nombre geográfico como elemento de entrada [NR] Sionismo
9 (RLIN) 24500
650 04 - ASIENTO SECUNDARIO DE MATERIA - TERMINO TEMATICO [R]
Término temático o nombre geográfico como elemento de entrada [NR] Sionismo
Subdivisión geográfica [R] Israel
9 (RLIN) 24500
651 ## - ASIENTO SECUNDARIO DE MATERIA - NOMBRE GEOGRAFICO [R]
Nombre geográfico [NR] Israel
9 (RLIN) 27028
942 ## - ELEMENTOS DE ENTRADA AGREGADOS (KOHA)
Tipo de ítem principal el descrito en 300a Libro
Tema principal Historia
Edición 1
Parte restante de la signatura top. B35
Sistema de clasificación DEWEY
Clasificación 956.94
Existencias
Fecha de último préstamo Total préstamos Signatura topográfica Código de barras Última vez visto Volúmen / Fascículo Ejemplar Price effective from Tipo de ítem Perdido Sistema de clasificación Dañado No prestable Tipo de ítem específico Suprimido Ubicación habitual Ubicación actual Localización Fecha de creación Forma de adquisición Costo
27/09/2012 5 956.94 B35 100004777 04/02/2026 V.2 Ej.2 03/02/2013 Libro   DEWEY     Libro   Claustro Claustro 2do piso 28/02/2003 Donación 80.00